[Event "Novokuznetsk Goriainov Memorial op"]
[Site "Novokuznetsk"]
[Date "2007.08.19"]
[Round "6"]
[White "Kornev, Alexander"]
[Black "Shirokov, Andrey"]
[Result "1/2-1/2"]
[WhiteElo "2336"]
[BlackElo "2159"]
[PlyCount "65"]
[EventDate "2007.08.14"]
[EventType "swiss"]
[EventRounds "9"]
[EventCountry "RUS"]
[SourceTitle "EXT 2009"]
[Source "ChessBase"]
[SourceDate "2008.11.26"]
[SourceVersion "1"]
[SourceVersionDate "2008.11.26"]
[SourceQuality "1"]

1. e4 c5 2. Nf3 e6 3. d4 cxd4 4. Nxd4 a6 5. Nc3 b5 6. Bd3 Bb7 7. 0-0 b4 8. Nce2 Nf6 9. Ng3 h5 10. Re1 h4 11. Nf1 h3 12. g3 Qc7 13. Bd2 Nc6 14. Nxc6 Qxc6 15. c4 Bc5 16. a3 a5 17. axb4 axb4 18. Rxa8+ Bxa8 19. Qf3 0-0 20. g4 d5 21. cxd5 exd5 22. e5 Ne4 23. Be3 Bxe3 24. Qxe3 Nc5 25. Qxh3 Nxd3 26. Qxd3 d4 27. f3 Qxf3 28. Qxf3 Bxf3 29. Kf2 Bxg4 30. Re4 Bh3 31. Nd2 Rd8 32. Nb3 d3 33. Ke3 1/2-1/2

[Event "Novokuznetsk Goriainov Memorial op"]
[Site "Novokuznetsk"]
[Date "2007.08.17"]
[Round "4"]
[White "Toder, Alexander"]
[Black "Shirokov, Andrey"]
[Result "0-1"]
[WhiteElo "2025"]
[BlackElo "2159"]
[PlyCount "102"]
[EventDate "2007.08.14"]
[EventType "swiss"]
[EventRounds "9"]
[EventCountry "RUS"]
[SourceTitle "EXT 2009"]
[Source "ChessBase"]
[SourceDate "2008.11.26"]
[SourceVersion "1"]
[SourceVersionDate "2008.11.26"]
[SourceQuality "1"]

1. e4 c5 2. Nf3 e6 3. d4 cxd4 4. Nxd4 a6 5. Be3 Nf6 6. Nd2 d6 7. Be2 Qc7 8. 0-0 Be7 9. c3 0-0 10. f4 Nbd7 11. Bf3 Re8 12. a4 Bf8 13. N4b3 e5 14. f5 d5 15. exd5 e4 16. Be2 Bd6 17. Nc4 Bxh2+ 18. Kh1 Bd6 19. Nxd6 Qxd6 20. c4 Qg3 21. Bf4 Qh4+ 22. Kg1 Ne5 23. Nd4 Neg4 24. Ra3 e3 25. Bxg4 Nxg4 26. Qf3 Nh2 27. Bxh2 Qxd4 28. Rd1 Qxc4 29. Rxe3 Qc5 30. Rde1 Bxf5 31. Kh1 Rxe3 32. Rxe3 Bd7 33. b3 b5 34. Rc3 Qe7 35. Re3 Qd8 36. axb5 axb5 37. Bg3 Qg5 38. Kg1 Bg4 39. Qe4 h5 40. Kh2 Qf6 41. d6 Rd8 42. Qe7 Qxe7 43. Rxe7 Be6 44. b4 g5 45. Be5 Kh7 46. Rb7 Bc4 47. Bf6 Rxd6 48. Bxg5 Kg6 49. Be7 Re6 50. Rd7 Rb6 51. Kg3 Re6 0-1

[Event "Novokuznetsk Goriainov Memorial op"]
[Site "Novokuznetsk"]
[Date "2007.08.14"]
[Round "9"]
[White "Rekhovsky, Jury"]
[Black "Shirokov, Andrey"]
[Result "0-1"]
[WhiteElo "2148"]
[BlackElo "2159"]
[PlyCount "70"]
[EventDate "2007.08.14"]
[EventType "swiss"]
[EventRounds "9"]
[EventCountry "RUS"]
[SourceTitle "EXT 2009"]
[Source "ChessBase"]
[SourceDate "2008.11.26"]
[SourceVersion "1"]
[SourceVersionDate "2008.11.26"]
[SourceQuality "1"]

1. d4 Nf6 2. c4 e6 3. Nf3 b6 4. g3 Bb7 5. Bg2 Be7 6. Nc3 Ne4 7. Qc2 Nxc3 8. Qxc3 0-0 9. Qc2 f5 10. 0-0 Be4 11. Qa4 c5 12. Rd1 Bf6 13. Be3 Nc6 14. a3 Qe7 15. Ra2 Rfc8 16. d5 exd5 17. cxd5 Na5 18. Nd2 Bxg2 19. Kxg2 d6 20. Qc2 Qd7 21. Nc4 Nxc4 22. Qxc4 b5 23. Qc1 Qe7 24. Qc2 g6 25. h4 a5 26. h5 b4 27. b3 Qb7 28. hxg6 hxg6 29. g4 a4 30. axb4 Qxb4 31. Rxa4 Rxa4 32. bxa4 Qxg4+ 33. Kf1 Qh3+ 34. Kg1 Rb8 35. f3 Rb2 0-1